Diseño y desarrollo curricular
Gespeichert in:
| 1. Verfasser: | |
|---|---|
| Format: | Buch |
| Sprache: | Spanisch |
| Veröffentlicht: |
Madrid
Narcea
2013
|
| Ausgabe: | 12a. ed |
| Schlagworte: | |
| Tags: |
Tag hinzufügen
Keine Tags, Fügen Sie den ersten Tag hinzu!
|
MARC
| LEADER | 00000cam a2200000 a 4500 | ||
|---|---|---|---|
| 001 | UCD2330 | ||
| 003 | CL-VaPUC | ||
| 008 | 160421e20130000sp |||||||||||||||||spa|d | ||
| 020 | |a 9788427712256 | ||
| 082 | 0 | 4 | |a 372.19 |b ZAB |2 21 |
| 100 | 0 | |a Zabalza, Miguel Angel |e author |9 585668 | |
| 245 | 1 | 0 | |a Diseño y desarrollo curricular |
| 250 | |a 12a. ed | ||
| 300 | |a 311 p | ||
| 942 | |c BK | ||
| 945 | |d 20160421 23:07:00 |a arojas | ||
| 260 | |a Madrid |b Narcea |c 2013 | ||
| 650 | 0 | |a Diseño curricular |9 378490 | |
| 650 | 0 | |a Reforma educacional |9 256319 | |
| 650 | 7 | |a EVALUACION CURRICULAR |2 CL-VaPUC |9 308585 | |
| 583 | |a last modification |c 20160421 23:07:00 |k Rodrigo Vera | ||
| 999 | |c 363492 |d 363490 | ||
| 952 | |0 0 |1 0 |3 erb |4 0 |6 372_190000000000000_ZAB_2013 |7 0 |8 A |9 475946 |a BIBTEO |b BIBTEO |i 5282640 |l 1 |o 372.19 ZAB 2013 |p 5282640 |r 2025-01-17 |s 2022-10-17 |w 2019-11-24 |y BK |z Catalogado en:20160421 |k ICR | ||